| 000 | 00620 a2200193 4500 | ||
|---|---|---|---|
| 999 |
_c183315 _d183315 |
||
| 005 | 20211222163604.0 | ||
| 010 | _aENG-130505 | ||
| 020 |
_a978-93-90385-84-3 _c810.00 |
||
| 035 | _aEN-114037 | ||
| 037 | _bDBAD/PUB | ||
| 082 |
_a621.56 _b1 _24th,Ed. |
||
| 100 | _aARORA, C P | ||
| 245 |
_aRefrigeration and Air Conditioning: _cC P ARORA |
||
| 250 | _a4th | ||
| 260 |
_aChennai _bMcGraw Hill Education Private Limited _c2020 |
||
| 270 |
_a444/1, Sri Ekambara Naicker Industrial Estate, Alapakkam _bChennai _e600116 |
||
| 300 |
_axxvi, 908p. _c22cm (pbk) _bIndex |
||
| 942 |
_adpl _cEN _2ddc _h621.56 _mARO |
||